| 000 | 00515nam a2200193Ia 4500 | ||
|---|---|---|---|
| 005 | 20250508152757.0 | ||
| 008 | 008 250505s9999 xx 000 0 eng d | ||
| 037 | _aTextual | ||
| 040 |
_aFEDL _beng _cFEDL |
||
| 041 |
_aeng _2eng |
||
| 084 |
_a881, BUT _qFEDL |
||
| 100 | _aButcher S H | ||
| 245 | 0 | _aAristotle's theory peotry and fine art : With a critical text and translation | |
| 250 | _a4th | ||
| 260 | _c1951 | ||
| 300 | _a421p. | ||
| 942 |
_cTEXL _h881, BUT |
||
| 999 |
_c1338693 _d1338693 |
||